000 00623nam a2200193 i 4500
001 89550
003 ES-MaACL
005 20250804062737.0
007 t|
008 050111s1975 sp ||||1| spa d
100 1 _aLascaris-Comneno Micolaw, Teodoro.
_970428
245 1 0 _aIntroducción al filosofar y filosofía griega /
_cTeodoro Lascaris-Comneno.
260 _aValencia :
_b[Universidad de Carabobo],
_c1975.
300 _a158 p., 13 lám. ;
_c23 cm.
650 0 7 _aFilosofía
_2embne
_912802
650 7 _aFilosofía griega
_2embne
_912849
852 _aES-MaACL
_jA-5631
_bR.94298
999 _c89550
_d89550